|
|
|
|
| LEADER |
00000nam a2200000 a 4500 |
| 001 |
vtls001079856 |
| 003 |
SK-MaSNL |
| 005 |
20260301111142.0 |
| 008 |
240318s1988 xo 00000 slo |
| 015 |
|
|
|a SNBA1989/02
|
| 035 |
|
|
|a SNK000022693
|
| 040 |
|
|
|a SNK
|b slo
|c SNK
|e AACR2
|
| 041 |
0 |
|
|a slo
|
| 044 |
|
|
|a xo
|c SK
|
| 080 |
|
|
|a 681.51(075.8)
|2 1981
|
| 080 |
|
|
|a 519.68(075.8)
|2 1981
|
| 100 |
1 |
|
|a Zajko, Marián,
|d 1950-
|4 aut
|9 201484
|
| 245 |
1 |
0 |
|a Projektovanie ekonomických aplikácií
|b projektovanie podsystémov ASR
|n 1. časť
|c Marián Zajko
|
| 250 |
|
|
|a 3. vyd.
|
| 260 |
|
|
|a Bratislava
|b Vysoká škola ekonomická, Fakulta riadenia
|c 1988
|
| 300 |
|
|
|a 226 s.
|b sch., tab.
|c 29 cm
|
| 366 |
|
|
|e 120 výt.
|
| 490 |
1 |
|
|a Vysokoškolské skriptá
|
| 504 |
|
|
|a Bibliogr.
|
| 650 |
0 |
7 |
|a automatizované systémy riadenia
|2 SNK
|9 28612
|
| 650 |
0 |
7 |
|a projektovanie
|2 SNK
|9 4997
|
| 655 |
|
7 |
|a učebnice vysokých škôl
|2 SNK
|9 70191
|
| 810 |
2 |
|
|a Vysoká škola ekonomická v Bratislave
|t Vysokoškolské skriptá
|9 222320
|
| 958 |
|
|
|a OND
|
| 958 |
|
|
|a NB
|
| 999 |
|
|
|c 705779
|d 707709
|
| 952 |
|
|
|a SNK
|b SNK
|y PREZ
|7 0
|p 17A0852795
|o snkSB 44339/1
|0 0
|1 0
|4 0
|d 2012-07-11
|f 1
|l 0
|r 2026-02-23 21:14:53
|w 2026-02-23
|
| 952 |
|
|
|t P60, <04>, [BOOK], {604}
|a SNK
|b SNK
|y VYP
|7 0
|p 17A0156577
|o snkSB 44339/1 D1
|0 0
|1 0
|4 0
|d 1998-08-17
|l 0
|r 2004-12-31 00:00:00
|w 2026-02-23
|